| 000 | 00351nam a2200133Ia 4500 | ||
|---|---|---|---|
| 008 | 150201s1985 xx 000 0 und d | ||
| 082 |
_a610.73 _bS82A |
||
| 100 | _aADAMS , CAROLYN | ||
| 245 | _aSTUDY GUIDE & REVIEW OF PRACTICAL VOCATIONAL NURSING | ||
| 260 |
_bLIPPINCOTT _aPHILADELPHIA _c1985 |
||
| 300 | _a547 | ||
| 650 | _aNURSING | ||
| 942 |
_2ddc _cBK |
||
| 999 |
_c1865 _d1865 |
||